000 00361 a2200157 4500
003 Nust
005 20170207154213.0
040 _cNust
082 _a621.38132
100 _aGeorge M.Chute
245 _aElectronics in Industry
_cGeorge M.Chute
250 _a2 nd
260 _alondon
_bMc Graw-Hill
_c1956
300 _a431p;
538 _aAlmirah No.130 Shelf No.2
942 _2ddc
_cBK
999 _c194963
_d194963